000 00489nam a2200181Ia 4500
003 LDD
008 181101s9999 xx 000 0 und d
020 _a9788175878730
_c88.00
040 _cLDD
100 _aHussain, Zakir
245 0 _aAla Taleem
_cZakir Hussain
260 _aNew Delhi
_bMaktaba Jamia Ltd.
_c2012
300 _a176p.
901 _a15921
_b17-03-2017
902 _a2841
_b17-03-2017
_cF
_dPIBD
_e8U
903 _a20
_bReqst by : Moh.Akbar
942 _2ddc
_cUR
999 _c414
_d414